[Event "Wch U16 Girls"]
[Site "Florianopolis"]
[Date "2024.11.06"]
[Round "8"]
[White "Herrada Blanco, Maria Fernanda"]
[Black "Moshoboro, Laone Phoebe"]
[Result "1-0"]
[WhiteElo "1751"]
[BlackElo "1553"]
[PlyCount "105"]
[EventDate "2024.10.29"]
[EventType "swiss"]
[EventRounds "11"]
[EventCountry "BRA"]
[SourceTitle "CB45_2024"]
[Source "ChessBase"]
[SourceDate "2024.11.06"]
[SourceVersion "1"]
[SourceVersionDate "2024.11.06"]
[SourceQuality "1"]

1. e4 e5 2. Nf3 d6 3. d4 Nd7 4. Bc4 Be7 5. dxe5 Nxe5 6. Nxe5 dxe5 7. Qh5 g6 8. Qxe5 f6 9. Qb5+ c6 10. Qb3 Qb6 11. Bxg8 Qxb3 12. Bxb3 Bd7 13. Be3 b6 14. Nc3 0-0-0 15. 0-0-0 g5 16. a4 Kb7 17. f4 h6 18. Rd2 Bg4 19. Rxd8 Rxd8 20. h3 Bc8 21. Ne2 Kc7 22. Re1 Bb4 23. c3 Bf8 24. Nd4 Re8 25. Bd2 Bd6 26. Bf7 Re7 27. Bg6 gxf4 28. Nf5 Bxf5 29. Bxf5 Rg7 30. Re2 h5 31. Rf2 Kb7 32. Bxf4 Bxf4+ 33. Rxf4 Rxg2 34. Rh4 Rg1+ 35. Kc2 Rg2+ 36. Kb3 Rg5 37. Rf4 Rg2 38. Be6 Re2 39. Bf7 Re3 40. h4 a6 41. Bxh5 b5 42. Bg6 Rh3 43. h5 Rh2 44. axb5 cxb5 45. Rxf6 a5 46. e5 a4+ 47. Ka3 Re2 48. h6 Rxe5 49. h7 Re1 50. h8Q b4+ 51. Kxb4 a3 52. Qg7+ Kc8 53. Rf8+ 1-0

[Event "Wch U16 Girls"]
[Site "Florianopolis"]
[Date "2024.11.05"]
[Round "7"]
[White "Nandin Erdene, Davaadembere"]
[Black "Herrada Blanco, Maria Fernanda"]
[Result "1-0"]
[WhiteElo "2018"]
[BlackElo "1751"]
[PlyCount "213"]
[EventDate "2024.10.29"]
[EventType "swiss"]
[EventRounds "11"]
[EventCountry "BRA"]
[SourceTitle "CB45_2024"]
[Source "ChessBase"]
[SourceDate "2024.11.06"]
[SourceVersion "1"]
[SourceVersionDate "2024.11.06"]
[SourceQuality "1"]

1. e4 c5 2. Nf3 d6 3. d4 cxd4 4. Nxd4 Nf6 5. Nc3 Nc6 6. Bg5 e6 7. Qd2 Be7 8. 0-0-0 Nxd4 9. Qxd4 0-0 10. h4 h6 11. Be3 Ng4 12. Nb5 Qa5 13. Kb1 Nxe3 14. Qxe3 Rd8 15. g4 Bd7 16. Nd4 Rac8 17. Bd3 Qc5 18. c3 e5 19. Nf5 Bxf5 20. exf5 Qxe3 21. fxe3 d5 22. Bc2 Kf8 23. Bb3 Rc5 24. Rh2 b6 25. Bc2 Bf6 26. Rh3 Ke7 27. Rg1 g5 28. fxg6 fxg6 29. Bxg6 Rg8 30. Bf5 e4 31. Rd1 b5 32. Rh2 Rd8 33. Rf1 Rg8 34. a3 a5 35. Rd1 Rd8 36. Bg6 Rg8 37. Bf5 Rd8 38. Rg1 Rg8 39. Rf2 Rc6 40. Rd2 Rc5 41. Rgd1 Rd8 42. Bxe4 Bxh4 43. Rxd5 Rcxd5 44. Bxd5 Kf6 45. Rf1+ Kg5 46. Bf3 Re8 47. Bd1 Re5 48. e4 Kg6 49. Be2 Be7 50. Kc2 b4 51. axb4 axb4 52. c4 Kg5 53. Kd3 Bc5 54. Rf7 Bb6 55. Rd7 Bc5 56. Rc7 Kf4 57. Rf7+ Kg5 58. Rg7+ Kf6 59. Rc7 Kg5 60. Rc6 Bg1 61. Rc8 Bc5 62. Rb8 Kf4 63. Rb7 Kg5 64. Rf7 Bb6 65. Rf5+ Rxf5 66. exf5 Kf4 67. f6 Ke5 68. f7 Bc5 69. Bf3 Bf8 70. Bd5 Be7 71. Kc2 Kd6 72. Kb3 Kc7 73. Ka4 Kb6 74. Be6 Bf8 75. Bd7 Be7 76. Bb5 Bf8 77. Kb3 Kc5 78. Kc2 Kd4 79. Kd2 Be7 80. Ke2 Bc5 81. Kf3 Ke5 82. Kg3 Be7 83. Ba6 Ke4 84. Bb7+ Ke3 85. Bd5 b3 86. c5 Bxc5 87. Bxb3 Be7 88. Be6 Ke4 89. b3 Ke5 90. Bc4 Ke4 91. Bb5 Ke3 92. Bc6 Bf8 93. Kh4 Kf4 94. Kh5 Ke5 95. Kg6 Kd6 96. Be8 Ke6 97. Kh7 Kf6 98. Kg8 Ke7 99. b4 h5 100. g5 h4 101. Bc6 h3 102. g6 Kd6 103. g7 Bxg7 104. Kxg7 Kxc6 105. f8Q h2 106. Qh8 Kb5 107. Qxh2 1-0

[Event "Wch U16 Girls"]
[Site "Florianopolis"]
[Date "2024.10.29"]
[Round "1"]
[White "Herrada Blanco, Maria Fernanda"]
[Black "Tsetskhladze, Mariam"]
[Result "0-1"]
[WhiteElo "1751"]
[BlackElo "2050"]
[PlyCount "82"]
[EventDate "2024.10.29"]
[EventType "swiss"]
[EventRounds "11"]
[EventCountry "BRA"]
[SourceTitle "CB45_2024"]
[Source "ChessBase"]
[SourceDate "2024.11.06"]
[SourceVersion "1"]
[SourceVersionDate "2024.11.06"]
[SourceQuality "1"]

1. e4 c5 2. c3 Nf6 3. e5 Nd5 4. d4 cxd4 5. cxd4 Nc6 6. Nf3 d6 7. Bc4 Nb6 8. Bb5 Bd7 9. Nc3 dxe5 10. dxe5 g6 11. 0-0 Bg7 12. Bf4 0-0 13. Re1 Rc8 14. Qe2 a6 15. Bxc6 Bxc6 16. Rad1 Qc7 17. Bg3 e6 18. Nd4 Bd5 19. Qg4 Qc5 20. Qh3 Rfd8 21. Bh4 Rd7 22. Nb3 Qb4 23. Rd4 Rc4 24. Rxc4 Nxc4 25. Bf6 Nxb2 26. Rc1 Bxb3 27. axb3 Rd3 28. Nd5 Rxd5 29. g4 Rd1+ 30. Rxd1 Nxd1 31. Qf3 Qe1+ 32. Kg2 Qxf2+ 33. Qxf2 Nxf2 34. Kxf2 Bxf6 35. exf6 Kf8 36. Ke3 Ke8 37. Kd4 Kd7 38. g5 Kd6 39. b4 b6 40. h3 a5 41. bxa5 bxa5 0-1

[Event "PER-ch (Women)"]
[Site "Lima"]
[Date "2024.07.11"]
[Round "10"]
[White "Herrada Blanco, Maria Fernanda"]
[Black "Maravi Ceron, Ayme Jacqueline"]
[Result "1/2-1/2"]
[WhiteElo "1883"]
[BlackElo "1756"]
[PlyCount "44"]
[EventDate "2024.07.06"]
[EventType "tourn"]
[EventRounds "11"]
[EventCountry "PER"]
[SourceTitle "EXT 2025"]
[Source "ChessBase"]
[SourceDate "2024.10.14"]
[SourceVersion "1"]
[SourceVersionDate "2024.10.14"]
[SourceQuality "1"]

1. d4 d5 2. c4 c6 3. Nc3 Nf6 4. e3 e6 5. b3 Bd6 6. Bb2 Nbd7 7. Bd3 0-0 8. Nge2 e5 9. cxd5 cxd5 10. dxe5 Bxe5 11. h3 Re8 12. 0-0 Nc5 13. Bb5 Bd7 14. Bxd7 Qxd7 15. Nd4 Nce4 16. Qd3 Nc5 17. Qd1 Rad8 18. Nce2 Nfe4 19. Rc1 Ne6 20. Nxe6 Bd4 21. Bc3 Bxc3 22. Nxd8 Bb2 1/2-1/2

[Event "PER-ch (Women)"]
[Site "Lima"]
[Date "2024.07.06"]
[Round "2"]
[White "Aliaga Fernandez, Ingrid Yadira"]
[Black "Herrada Blanco, Maria Fernanda"]
[Result "1/2-1/2"]
[WhiteElo "2147"]
[BlackElo "1883"]
[PlyCount "127"]
[EventDate "2024.07.06"]
[EventType "tourn"]
[EventRounds "11"]
[EventCountry "PER"]
[SourceTitle "EXT 2025"]
[Source "ChessBase"]
[SourceDate "2024.10.14"]
[SourceVersion "1"]
[SourceVersionDate "2024.10.14"]
[SourceQuality "1"]

1. e4 c5 2. Nf3 d6 3. d4 cxd4 4. Nxd4 Nf6 5. Nc3 Nc6 6. Be2 g6 7. Be3 Bg7 8. 0-0 0-0 9. Kh1 a6 10. f4 Bd7 11. Bf3 Nxd4 12. Bxd4 Bc6 13. Qd3 Rc8 14. Rae1 Nd7 15. e5 dxe5 16. fxe5 e6 17. a3 Qa5 18. Qe3 b5 19. b4 Qc7 20. Re2 Bxf3 21. Rxf3 Rfd8 22. h3 Qc4 23. Ref2 Rf8 24. Ne4 Qd5 25. Nf6+ Nxf6 26. exf6 Rfd8 27. fxg7 Qxd4 28. Qxd4 Rxd4 29. Rxf7 Rdd8 30. Ra7 Rd6 31. Kh2 Rdc6 32. Re2 R8c7 33. Rxe6 Rxa7 34. Rxc6 Kxg7 35. Kg3 a5 36. c3 axb4 37. axb4 Rd7 38. Rc5 Kf6 39. Kf4 Rd3 40. h4 h5 41. g4 hxg4 42. Kxg4 Re3 43. Rc6+ Kf7 44. h5 gxh5+ 45. Kxh5 Rg3 46. Kh4 Rg8 47. Rc5 Ke6 48. Kh5 Kd6 49. Rxb5 Rc8 50. Kg5 Rxc3 51. Kf5 Re3 52. Kf4 Re8 53. Rg5 Kc6 54. Rh5 Rb8 55. Rc5+ Kd6 56. Rc4 Re8 57. Kf3 Kd5 58. Rf4 Kc6 59. Rf5 Kb6 60. Rg5 Re7 61. Rf5 Re8 62. Rg5 Re7 63. Rh5 Re8 64. Rg5 1/2-1/2

[Event "Pan American-ch School U15 Girls 12th"]
[Site "Callao"]
[Date "2023.10.17"]
[Round "4"]
[White "Herrada Blanco, Maria Fernanda"]
[Black "Gareca Ordonez, Laura"]
[Result "0-1"]
[WhiteElo "1597"]
[BlackElo "1480"]
[PlyCount "134"]
[EventDate "2023.10.16"]
[EventType "swiss"]
[EventRounds "9"]
[EventCountry "PER"]
[SourceTitle "CBM 217 Extra"]
[Source "ChessBase"]
[SourceDate "2024.01.31"]
[SourceVersion "1"]
[SourceVersionDate "2024.01.31"]
[SourceQuality "1"]

1. e4 e6 2. d4 d5 3. Nd2 c5 4. Ngf3 Nc6 5. exd5 Qxd5 6. Bc4 Qd7 7. dxc5 Bxc5 8. 0-0 Nf6 9. c3 0-0 10. Qe2 a6 11. Nb3 Bd6 12. a4 Qc7 13. a5 Ng4 14. h3 Nge5 15. Nxe5 Nxe5 16. Bd3 Bd7 17. Be3 Nxd3 18. Qxd3 Bb5 19. Qe4 Bxf1 20. Rxf1 Rac8 21. Bb6 Qc4 22. Qxc4 Rxc4 23. Rd1 Bc7 24. Rd7 Rc8 25. Kf1 Kf8 26. Bc5+ Kg8 27. Bb6 e5 28. Ke2 f5 29. Kd3 Rc6 30. Bxc7 R6xc7 31. Rd5 e4+ 32. Kd4 Rc4+ 33. Ke3 g6 34. Kd2 R4c7 35. Nd4 Kf7 36. g4 fxg4 37. hxg4 Kf6 38. g5+ Kf7 39. Ke3 Re8 40. Ne2 Rce7 41. Kd4 e3 42. f3 Kg7 43. b4 h6 44. gxh6+ Kxh6 45. Kd3 g5 46. Rd6+ Re6 47. Rd4 R8e7 48. c4 Rf6 49. b5 axb5 50. cxb5 Rxf3 51. a6 bxa6 52. bxa6 Rf6 53. Ra4 Ra7 54. Kxe3 Raxa6 55. Re4 Rae6 56. Ng3 Rxe4+ 57. Kxe4 g4 58. Ne2 Re6+ 59. Kd3 Kg5 60. Kd2 Rxe2+ 61. Kxe2 Kh4 62. Kf2 Kh3 63. Kg1 Kg3 64. Kh1 Kf2 65. Kh2 g3+ 66. Kh3 g2 67. Kh4 g1Q 0-1

[Event "Pan American-ch School U15 Girls 12th"]
[Site "Callao"]
[Date "2023.10.16"]
[Round "1"]
[White "Herrada Blanco, Maria Fernanda"]
[Black "Neyra Alba, Daniela Sofia"]
[Result "1-0"]
[WhiteElo "1597"]
[BlackElo "1248"]
[PlyCount "71"]
[EventDate "2023.10.16"]
[EventType "swiss"]
[EventRounds "9"]
[EventCountry "PER"]
[SourceTitle "CBM 217 Extra"]
[Source "ChessBase"]
[SourceDate "2024.01.31"]
[SourceVersion "1"]
[SourceVersionDate "2024.01.31"]
[SourceQuality "1"]

1. e4 c5 2. Nf3 Nc6 3. c3 Qa5 4. Be2 d6 5. 0-0 Nf6 6. d3 g6 7. Re1 Bg7 8. h3 0-0 9. Bf1 e5 10. Nbd2 b5 11. a4 b4 12. Nc4 Qc7 13. Bg5 Ne8 14. Rc1 f6 15. Bd2 Rb8 16. Ne3 a5 17. d4 Qa7 18. dxc5 dxc5 19. Bb5 Ne7 20. cxb4 cxb4 21. Nc4 Be6 22. Be3 Qc7 23. Ncxe5 Qd6 24. Nc4 Bxc4 25. Bxc4+ Kh8 26. Bb5 Rd8 27. Bxe8 Rfxe8 28. Qxd6 Rxd6 29. Bc5 Rd7 30. Bd4 Rc8 31. Rxc8+ Nxc8 32. Rc1 Rd8 33. e5 fxe5 34. Bxe5 Bxe5 35. Nxe5 Ne7 36. Nf7+ 1-0

[Event "PER-ch"]
[Site "Lima"]
[Date "2023.09.03"]
[Round "8"]
[White "Altamirano Porras, Ricardo Enrique"]
[Black "Herrada Blanco, Maria Fernanda"]
[Result "1-0"]
[WhiteElo "1980"]
[BlackElo "1545"]
[PlyCount "76"]
[EventDate "2023.08.29"]
[EventType "swiss"]
[EventRounds "9"]
[EventCountry "PER"]
[SourceTitle "CBM 216 Extra"]
[Source "ChessBase"]
[SourceDate "2023.11.30"]
[SourceVersion "1"]
[SourceVersionDate "2023.11.30"]
[SourceQuality "1"]

1. Nf3 Nf6 2. b3 b6 3. Bb2 Bb7 4. c4 g6 5. g3 Bg7 6. Bg2 0-0 7. 0-0 d6 8. d4 c5 9. e3 Qc7 10. Nc3 a6 11. d5 Re8 12. Qd2 e6 13. e4 e5 14. Nh4 Qe7 15. Rae1 Nbd7 16. a4 Ng4 17. Qe2 Nh6 18. Bc1 Bc8 19. h3 Nf8 20. Qc2 g5 21. Nf5 Nxf5 22. exf5 h6 23. Be4 Nh7 24. Kg2 Qf6 25. Rh1 Bd7 26. Bd3 Qd8 27. f3 Rb8 28. h4 f6 29. Kg1 Rf8 30. Qh2 Qc8 31. Qh3 gxh4 32. g4 Ng5 33. Qf1 Qc7 34. Rxh4 b5 35. Nxb5 axb5 36. axb5 Qa5 37. Re3 Bc8 38. Bd2 Qb4 1-0

[Event "PER-ch"]
[Site "Lima"]
[Date "2023.09.02"]
[Round "6"]
[White "Moscoso Tellez, Joe Goldtie Marshal"]
[Black "Herrada Blanco, Maria Fernanda"]
[Result "0-1"]
[WhiteElo "1290"]
[BlackElo "1545"]
[PlyCount "110"]
[EventDate "2023.08.29"]
[EventType "swiss"]
[EventRounds "9"]
[EventCountry "PER"]
[SourceTitle "CBM 216 Extra"]
[Source "ChessBase"]
[SourceDate "2023.11.30"]
[SourceVersion "1"]
[SourceVersionDate "2023.11.30"]
[SourceQuality "1"]

1. e4 c5 2. Nf3 d6 3. d4 cxd4 4. Nxd4 Nf6 5. Nc3 Nc6 6. Bg5 e6 7. Qd2 h6 8. Bh4 Nxe4 9. Bxd8 Nxd2 10. Bb5 Kxd8 11. Nxc6+ bxc6 12. Bxc6 Rb8 13. Kxd2 Rxb2 14. Ba4 Rb6 15. Rab1 d5 16. Bb5 Bd7 17. Bxd7 Kxd7 18. Rxb6 axb6 19. Rb1 Bc5 20. Na4 Kc6 21. Kd3 Ra8 22. Nxc5 bxc5 23. Rb2 Ra3+ 24. Kd2 d4 25. f3 f6 26. Rb8 Rxa2 27. Rg8 Ra7 28. Kd3 Rc7 29. Kc4 Kd6 30. g4 Ke5 31. Re8 Kf4 32. Rxe6 Kxf3 33. h3 Kg3 34. Rd6 Kxh3 35. Rd5 Kxg4 36. Rxc5 Rxc5+ 37. Kxc5 h5 38. Kxd4 h4 39. c4 h3 40. c5 h2 41. c6 h1Q 42. c7 Qc6 43. c8Q+ Qxc8 44. Kd3 Qf5+ 45. Ke3 Qf4+ 46. Ke2 Qf3+ 47. Ke1 Qg2 48. Kd1 Qf2 49. Kc1 Qe2 50. Kb1 Qd2 51. Ka1 Kf3 52. Kb1 Ke3 53. Ka1 Kd3 54. Kb1 Kc3 55. Ka1 Qb2# 0-1

[Event "PER-ch"]
[Site "Lima"]
[Date "2023.08.30"]
[Round "3"]
[White "Herrada Blanco, Maria Fernanda"]
[Black "Campos Montesinos, Andrew Uxon"]
[Result "1-0"]
[WhiteElo "1545"]
[BlackElo "1158"]
[PlyCount "41"]
[EventDate "2023.08.29"]
[EventType "swiss"]
[EventRounds "9"]
[EventCountry "PER"]
[SourceTitle "CBM 216 Extra"]
[Source "ChessBase"]
[SourceDate "2023.11.30"]
[SourceVersion "1"]
[SourceVersionDate "2023.11.30"]
[SourceQuality "1"]

1. e4 e5 2. Nf3 Nf6 3. Nxe5 Qe7 4. d4 d6 5. Nf3 Qxe4+ 6. Be2 Bf5 7. c3 Nbd7 8. 0-0 Be7 9. Re1 Qc2 10. Qxc2 Bxc2 11. Na3 Bg6 12. Bf1 Ne4 13. Nd2 Ndf6 14. Nxe4 Bxe4 15. Bg5 Bc6 16. Bxf6 gxf6 17. Bb5 Bxb5 18. Nxb5 Kd7 19. Nxc7 Rhc8 20. Nd5 Bd8 21. Re3 1-0

[Event "Wch U14 Girls"]
[Site "Mamaia"]
[Date "2022.09.06"]
[Round "1"]
[White "Herrada Blanco, Maria Fernanda"]
[Black "Sureda Gonzalez, Cristina"]
[Result "1/2-1/2"]
[WhiteElo "1432"]
[BlackElo "1824"]
[PlyCount "62"]
[EventDate "2022.09.06"]
[EventType "swiss"]
[EventRounds "11"]
[EventCountry "ROU"]
[SourceTitle "CBM 210 Extra"]
[Source "ChessBase"]
[SourceDate "2022.11.30"]
[SourceVersion "1"]
[SourceVersionDate "2022.11.30"]
[SourceQuality "1"]

1. d4 d5 2. Bf4 e6 3. e3 Nf6 4. Nd2 c5 5. c3 Bd6 6. Bg3 Qc7 7. Ngf3 Nbd7 8. Bxd6 Qxd6 9. Bb5 0-0 10. Bxd7 Nxd7 11. c4 e5 12. dxe5 Nxe5 13. Ne4 Nxf3+ 14. gxf3 Qe5 15. Qxd5 Qxb2 16. 0-0 Be6 17. Qxc5 Qe2 18. Qh5 Qxc4 19. Kh1 Qd5 20. Rg1 Qxh5 21. Nf6+ Kh8 22. Nxh5 g6 23. Nf4 Bd7 24. Rgd1 Bc6 25. Kg2 Rad8 26. Kg3 Ba4 27. Rdb1 Bc6 28. Rb2 Rd6 29. Ne2 Rfd8 30. Nd4 R8d7 31. Rc1 Bd5 1/2-1/2